00349nam a2200133Ia 4500008004100000020001500041041001200056082001700068100001800085245005300103260003600156300000700192650001600199221030s9999 xx 000 0 und d a8171810136 aEnglish a105.23bRiss aR. S. Rissman 0aCost Control Using Lotus 1-2-3cby R. S. Rissman bLearners PressaNew Delhic1992 a97 aBE Computer